000 00579nam a22001937a 4500
005 20250929164202.0
010 _aENG-146893
020 _a9789355018571
_c850.00
035 _aEN-130425
037 _bDBAD
082 _21
_a660
100 _aDara, S S
_985278
245 _a A Textbook of Engineering Chemistry/
_cS S Dara [and] S S Umare
250 _a1
260 _aUttar Pradesh
_bS. Chand Publishing
_c2025
270 _aD-92, Sector-2, Noida
_bUttar Pradesh
_e201301
_k61-120-4682700
300 _a984p.
_c24cm(pb)
942 _2ddc
_cEN
_h660
_mDAR
999 _c213514
_d213514